000 00311nam a22001337a 4500
008 181224b xxu||||| |||| 00| 0 eng d
020 _a9781138916050
041 _aeng
080 _a339.9
100 _a59
101 _aECO
245 _aPitch Tweet Or Engage On The Street
_cAlaimo.K
942 _2udc
_cBK
999 _c53737
_d53737